Characters Played by Multiple Actors #3 - Statistics

General Stats
  • This quiz has been taken 11,588 times
  • The average score is 11 of 20
Answer Stats
Actors hint Character % Correct
Charlie Chaplin*, Alec Guiness, Anthony Hopkins, Bruno Ganz dictator Adolf Hitler
85%
Lynda Carter, Gal Gadot hero Wonder Woman
85%
Henry Fonda, Daniel Day-Lewis, Gilbert Gottfried president Abraham Lincoln
76%
Boris Karloff, Bela Lugosi, Robert DeNiro, Aaron Eckhart experiment Frankenstein's Monster
64%
Gene Hackman, Michael Rosenbaum, Kevin Spacey, Jesse Eisenberg villain Lex Luthor
64%
Laurence Olivier, Rip Torn, Liam Neeson, Christopher Walken god Zeus
62%
Halle Berry, Alexandra Shipp mutant Storm
61%
Peter Sellers, Steve Martin inspector Jacques Clouseau
60%
James Earl Jones, Denzel Washington, Mario van Peebles, Nigel Thatch activist Malcolm X
58%
Leonard Whiting, Leonardo DiCaprio, Orlando Bloom lover Romeo Montague
58%
Mel Gibson, Tom Hardy drifter Max Rockatansky
56%
Jodie Foster, Julianne Moore FBI agent Clarice Starling
53%
Anthony Perkins, Vince Vaughn psycho Norman Bates
48%
Burgess Meredith, Danny DeVito, Robin Taylor criminal Penguin
47%
Peter Weller, Joel Kinnaman cyborg Robocop
46%
Billy Dee Williams, Tommy Lee Jones, Aaron Eckhart DA Harvey Dent
42%
Johnny Weissmuller, Casper van Dien, Christopher Lambert, Tony Goldwyn primatologist Tarzan
35%
DeForest Kelley, Karl Urban doctor Leonard McCoy
31%
Vanessa Redgrave, Natalie Portman, Natalie Dormer queen Anne Boleyn
24%
Barbara Hershey, Monica Bellucci, Juliette Binoche witness Mary Magdalene
5%
No matching quizzes found
Score Distribution
Percent of People with Each Score
Percentile by Number Answered
Your Score History
You have not taken this quiz